The foundations of statistics : (Record no. 31566)

000 -LEADER
fixed length control field 01021cam a22002777a 4500
001 - CONTROL NUMBER
control field 17918067
005 - DATE AND TIME OF LATEST TRANSACTION
control field 20230530102303.0
008 - FIXED-LENGTH DATA ELEMENTS--GENERAL INFORMATION
fixed length control field 131025s2011 gw a b 001 0 eng d
010 ## - LIBRARY OF CONGRESS CONTROL NUMBER
LC control number 2013427998
020 ## - INTERNATIONAL STANDARD BOOK NUMBER
International Standard Book Number 9783642163128 (alk. paper)
020 ## - INTERNATIONAL STANDARD BOOK NUMBER
International Standard Book Number 3642163122 (alk. paper)
020 ## - INTERNATIONAL STANDARD BOOK NUMBER
International Standard Book Number 9783642163135 (eISBN)
035 ## - SYSTEM CONTROL NUMBER
System control number (OCoLC)ocn668190653
040 ## - CATALOGING SOURCE
Original cataloging agency BTCTA
Language of cataloging eng
Transcribing agency BTCTA
Modifying agency YDXCP
-- COO
-- CDX
-- BWX
-- MUU
-- Y@Z
-- DLC
042 ## - AUTHENTICATION CODE
Authentication code lccopycat
050 00 - LIBRARY OF CONGRESS CALL NUMBER
Classification number QA 276.4 .V37 2011
100 1# - MAIN ENTRY--PERSONAL NAME
Personal name Vasishth, Shravan,
Dates associated with a name 1964-
245 14 - TITLE STATEMENT
Title The foundations of statistics :
Remainder of title a simulation-based approach /
Statement of responsibility, etc. Shravan Vasishth, Michael Broe.
260 ## - PUBLICATION, DISTRIBUTION, ETC. (IMPRINT)
Place of publication, distribution, etc. Heidelberg ;
-- New York :
Name of publisher, distributor, etc. Springer,
Date of publication, distribution, etc. c2011.
300 ## - PHYSICAL DESCRIPTION
Extent xv, 178 p. :
Other physical details ill. ;
Dimensions 25 cm.
504 ## - BIBLIOGRAPHY, ETC. NOTE
Bibliography, etc Includes bibliographical references and index.
650 #0 - SUBJECT ADDED ENTRY--TOPICAL TERM
Topical term or geographic name as entry element Mathematical statistics
General subdivision Simulation methods.
650 #0 - SUBJECT ADDED ENTRY--TOPICAL TERM
Topical term or geographic name as entry element Mathematical statistics
General subdivision Computer simulation.
700 1# - ADDED ENTRY--PERSONAL NAME
Personal name Broe, Michael B.
942 ## - ADDED ENTRY ELEMENTS (KOHA)
Source of classification or shelving scheme
Koha item type Hard Covered Materials
Classification part QA 276.4 .V37 2011
Holdings
Withdrawn status Lost status Source of classification or shelving scheme Damaged status Not for loan Home library Current library Shelving location Date acquired Source of acquisition Total Checkouts Full call number Barcode Date last seen Price effective from Koha item type Date last checked out
          MACHAKOS UNIVERSITY LIBRARY MACHAKOS UNIVERSITY LIBRARY Open shelf 10/05/2023 Purchase - Falcon Books   QA 276.4 .V37 2011 39375 30/05/2023 30/05/2023 Hard Covered Materials  
          MACHAKOS UNIVERSITY LIBRARY MACHAKOS UNIVERSITY LIBRARY Open shelf 10/05/2023 Purchase - Falcon Books 1 QA 276.4 .V37 2011 39359 17/03/2025 30/05/2023 Hard Covered Materials 14/03/2025
© Machakos University Library, Along The Highway, Machakos Wote Rd, Machakos, Kenya P.O. Box 136 - 90100 Machakos - Kenya

Tel: ( +254 ) 723 805829 OR Fax : 044-20353 OR Email: library@mksu.ac.ke